República y guerra civil en Cartagena (1931-1939).
Saved in:
| Hovedforfatter: | |
|---|---|
| Format: | Bog |
| Udgivet: |
Murcia, España:
Secretariado de Publicaciones, Universidad de Murcia,
1993.
|
| Serier: | Cuadernos,
|
| Fag: | |
| Tags: |
Tilføj Tag
Ingen Tags, Vær først til at tagge denne postø!
|
MARC
| LEADER | 00000nam a22000007a 4500 | ||
|---|---|---|---|
| 003 | CL-VaPUC | ||
| 005 | 20220822114542.0 | ||
| 008 | 220705t1993 ||||| |||| 00| 0 eng d | ||
| 999 | |c 436662 |d 436660 | ||
| 020 | |a 84-7684-374-7 | ||
| 040 | |c Pontificia Universidad Católica de Valparaíso | ||
| 082 | 7 | |a 946.77 MAR 1993 |2 22 | |
| 100 | 1 | |a Martínez Leal, Juan |e autor |9 872160 | |
| 245 | |a República y guerra civil en Cartagena (1931-1939). | ||
| 260 | |a Murcia, España: |b Secretariado de Publicaciones, Universidad de Murcia, |c 1993. | ||
| 300 | |a 389 páginas. | ||
| 490 | |a Cuadernos, |n 48. | ||
| 500 | |a c.1 Donación Familia Prof. Alejandro Guzmán Brito. | ||
| 583 | |c 20220705 |k Cristina María Rojas Aguilar | ||
| 651 | |a Cartagena (Murcia, España) |x Historia |x Segunda república |y 1931-1939 |9 872535 | ||
| 651 | |a Cartagena (Murcia, España) |x Historia |x Guerra Civil |y 1936-1939 |9 872536 | ||
| 942 | |2 ddc |c BK |n 0 | ||
| 952 | |0 0 |1 0 |2 ddc |4 0 |6 946_770000000000000_MAR_1993 |7 0 |8 C_AGB |9 584351 |a BIBDER |b BIBDER |d 2022-07-05 |e Donación |i 5652456 |o 946.77 MAR 1993 |p 5652456 |r 2023-01-25 |t 1 |w 2022-07-05 |y BK_US |k AGB | ||